Normal view
MARC view
- Dima, Germán César
Entry Nombre Personal
001 - NUMERO DE CONTROL
- campo de control: 50717
003 - IDENTIFICADOR DE NUMERO DE CONTROL
- campo de control: DLC
005 - FECHA Y HORA DE LA ÜLTIMA TRANSACCIÓN
- campo de control: 20240104092830.0
008 - DATOS DE LONGITUD FIJA
- campo de control de longitud fija: 220304nn acnnnaabn |n aaa c
010 ## - NÚMERO DE CONTROL DE LA BIBLIOTECA DEL CONGRESO
- Número de control LC: no2022028398
035 ## - NUMERO DE CONTROL
- Número de control: (OCoLC)oca14374297
040 ## - FUENTE DE CATALOGACIÓN
- Agencia original de catalogación: CL-SaBCN
- Lenguaje de catalogación: spa
- Agencia de transcripción: CL-CcU
- Description conventions: rda
- Agencia que lo modifica: MX-MxUPN
100 1# - ENCABEZAMIENTO - NOMBRE PERSONAL
- Nombre personal: Dima, Germán César
370 ## - LUGAR ASOCIADO
- Associated country: Uruguay
- Associated country: Chile
- Fuente del término: naf
372 ## - CAMPO DE ACTIVIDAD
- Field of activity: Machine learning
- Field of activity: Labor policy
- Fuente del término: lcsh
375 ## - GÉNERO
- Gender: male
377 ## - LENGUA ASOCIADA
- Language code: spa
670 ## - FUENTE EN LA QUE SE LOCALIZARON DATOS
- Cita de la fuente: Desarrollo de una herramienta de aprendizaje automático (machine learning) para establecer relaciones entre ocupaciones y programas de capacitación en el Uruguay, 2022:
- Información localizada: portada (Germán César Dima).
902 ## - CATALOGADOR
- Catalogador: VíctorGodínez/040123
